Hudson Taylor : (Record no. 9982)

MARC details
000 -LEADER
fixed length control field 01142cam a2200337 a 4500
001 - CONTROL NUMBER
control field 39013733
003 - CONTROL NUMBER IDENTIFIER
control field OCoLC
005 - DATE AND TIME OF LATEST TRANSACTION
control field 20241126110722.0
008 - FIXED-LENGTH DATA ELEMENTS--GENERAL INFORMATION
fixed length control field 980413s1998 waub b 000 0beng
010 ## -
-- 98021283
020 ## - INTERNATIONAL STANDARD BOOK NUMBER
International Standard Book Number 1576580164
040 ## - CATALOGING SOURCE
Original cataloging agency DLC
Transcribing agency DLC
Modifying agency OCL
043 ## -
-- a-ch---
-- e-uk-en
082 ## - DEWEY DECIMAL CLASSIFICATION NUMBER
Classification number 266.0092
Item number BEN
092 ## - LOCALLY ASSIGNED DEWEY CALL NUMBER (OCLC)
Classification number BIO TAYLO
100 1# - MAIN ENTRY--PERSONAL NAME
Personal name Benge, Janet,
Dates associated with a name 1958-
9 (RLIN) 17368
245 10 - TITLE STATEMENT
Title Hudson Taylor :
Remainder of title deep in the heart of China /
Statement of responsibility, etc. Janet and Geoff Benge
260 ## - PUBLICATION, DISTRIBUTION, ETC.
Place of publication, distribution, etc. Seattle, Wash. :
Name of publisher, distributor, etc. YWAM Pub.,
Date of publication, distribution, etc. c1998
300 ## - PHYSICAL DESCRIPTION
Extent 205 p. :
Other physical details 1 map ;
Dimensions 21 cm
490 1# - SERIES STATEMENT
Series statement Christian heroes, then & now
504 ## - BIBLIOGRAPHY, ETC. NOTE
Bibliography, etc. note Includes bibliographical references (p. 205)
521 0# - TARGET AUDIENCE NOTE
Target audience note 6.8
600 10 - SUBJECT ADDED ENTRY--PERSONAL NAME
Personal name Taylor, James Hudson,
Dates associated with a name 1832-1905
Form subdivision Juvenile literature
9 (RLIN) 17369
610 20 - SUBJECT ADDED ENTRY--CORPORATE NAME
Corporate name or jurisdiction name as entry element China Inland Mission
Form subdivision Juvenile literature
9 (RLIN) 17370
650 #0 - SUBJECT ADDED ENTRY--TOPICAL TERM
Topical term or geographic name entry element Missionaries
Geographic subdivision China
Form subdivision Biography
-- Juvenile literature
9 (RLIN) 17371
650 #0 - SUBJECT ADDED ENTRY--TOPICAL TERM
Topical term or geographic name entry element Missionaries
Geographic subdivision England
Form subdivision Biography
-- Juvenile literature
9 (RLIN) 17372
655 #0 - INDEX TERM--GENRE/FORM
Genre/form data or focus term Biography
9 (RLIN) 5066
700 1# - ADDED ENTRY--PERSONAL NAME
Personal name Benge, Geoff,
Dates associated with a name 1954-
9 (RLIN) 17373
830 #0 -
-- Christian heroes, then & now
-- 17374
942 ## - ADDED ENTRY ELEMENTS (KOHA)
Source of classification or shelving scheme Dewey Decimal Classification
Koha item type Books
Koha issues (borrowed), all copies 5
Holdings
Withdrawn status Lost status Source of classification or shelving scheme Damaged status Not for loan Home library Current Library Shelving location Date acquired Total checkouts Full call number Barcode Date last seen Date last checked out Copy number Price effective from Koha item type
    Dewey Decimal Classification     GRACE BIBLE COLLEGE GRACE BIBLE COLLEGE Ministry & Mission 2023-11-21 2 266.0092 TAY 020649 2025-05-01 2024-11-04 c.1 2023-11-21 Books
    Dewey Decimal Classification     GRACE BIBLE COLLEGE GRACE BIBLE COLLEGE Ministry & Mission 2024-07-18 8 266.0092 BEN 016964 2026-02-12 2026-02-05 c.2 2024-07-18 Books
© Grace Bible College Library 2025